[Event "ICS Unrated standard match"]
[Site "204.178.125.65"]
[Date "1999.11.15"]
[Round "?"]
[White "Secret"]
[Black "Hossa"]
[Result "1-0"]
[WhiteElo "2572"]
[BlackElo "2283"]
[Annotator "Hiarcs 7.32 (22s)"]
[PlyCount "147"]
[EventDate "1999.??.??"]

1. e4 1... c5 {Opening = B53 - 3.d4 (cd4 4.---)} 2. Nf3 d6 3. d4 cxd4 4. Qxd4
Nc6 5. Bb5 Bd7 6. Bxc6 Bxc6 7. Nc3 Nf6 8. Bg5 e6 9. O-O-O Be7 10. Rhe1 O-O 11.
Kb1 Qa5 12. Qd2 Kh8 (12... Qa6 13. Nd4 Rfc8 14. f3 b5 15. g4 b4 16. Nce2 Be8
17. Ng3 h6 18. Be3 Nd7 19. Bxh6 Bf8 20. Bg5 Ne5 21. Nh5 Rc5 22. b3 Ra5 23. Qe2
Bb5 24. Nxb5 Rxa2 25. Kc1 Rc8 26. Nd4 Raxc2+ 27. Nxc2 Qa1+ 28. Kd2 Qc3+ 29. Kc1
Nxf3 30. Kb1 Qxb3+ 31. Kc1 31... Qa2 {
0-1 Epishin,V-Dvoirys,S/URS-ch Leningrad 1990/[Boensch] (31)}) 13. Nd4 Rad8 (
13... Rac8 14. f3 b5 15. h4 Rfd8 16. g4 Be8 17. Nb3 Qc7 18. Nd4 b4 19. Nce2 a5
20. Ng3 a4 21. Nh5 Nxh5 22. gxh5 b3 23. cxb3 axb3 24. a3 24... f6 {
1/2-1/2 Urban,M-Meissner,B/BL2-S 1994/BL2 (24)}) 14. f3 14... Rfe8 $146 (14...
Ng8 15. h4 Rd7 16. g4 Rfd8 17. Bxe7 Nxe7 18. h5 e5 19. Nf5 Nxf5 20. gxf5 d5 21.
f6 dxe4 22. Qg5 Rxd1+ 23. Nxd1 g6 24. Rh1 Qd2 25. Ne3 Rg8 26. Rd1 Qh2 27. hxg6
hxg6 28. Ng4 Qh5 29. Qc1 e3 30. Rh1 Bxf3 31. Rxh5+ gxh5 32. Nxe5 Kh7 33. Nxf3
Re8 34. Qg1 Rg8 35. Qxe3 {
1-0 Santacruz,C-Kofidis,A/Thessaloniki olm 1984/BIG 80 (35)}) 15. g3 15... a6 {
Verwehrt dem Gegner b5} 16. h4 16... d5 $16 (16... h6 $5 17. Rh1 17... Qc7 $14)
17. e5 Ng8 18. Bxe7 Rxe7 19. f4 Nh6 20. Ka1 $14 (20. h5 20... Rc7 $14) 20...
Qc5 21. Qd3 Rc7 22. Qf3 $11 (22. Nf3 22... Qe7 $16) 22... Kg8 $16 (22... b5 $5
$11) (22... Nf5 23. Nxf5 d4 24. Qh5 exf5 25. Qxf5 (25. Ne2 Be4 26. c3 d3 27.
Nd4 $11) 25... Bd7 26. Qg5 Rdc8 27. e6 Bxe6 28. Qxc5 Rxc5 29. Rxd4 $16) 23. a3
$14 (23. g4 23... b5 $14) 23... b5 24. Na2 24... a5 {Schwarz bereitet b4 vor}
25. c3 25... b4 $16 {Raumgewinn} (25... Rdc8 $5 $14 $142 {ist zu beachten}) 26.
cxb4 axb4 27. Nxb4 Bb7 28. Qd3 $16 (28. g4 28... Qa5 $18) 28... Rcc8 29. Qb5 (
29. h5 29... Qc4 $16) 29... Qe7 (29... Qxb5 $5 30. Nxb5 30... Nf5 $16) 30. Rc1
Ra8 31. Qc5 Qe8 32. Qb6 Rd7 33. Nb5 Qf8 34. Nd6 Rb8 35. Re2 Nf5 36. Nxf5 exf5
37. Rec2 Qe8 38. Qb5 Qd8 39. Qd3 Qe7 (39... g6 40. Qd4 $18) 40. Qxf5 Ra8 41. h5
h6 42. Rc5 Qd8 (42... d4 43. R5c2 $18) 43. Qd3 (43. e6 {
gibt noch groesseren Vorteil} 43... fxe6 44. Qxe6+ 44... Kh8 $18) 43... d4 44.
Nc6 Bxc6 45. Rxc6 Rb8 46. R1c4 Qe8 (46... Ra8 47. Ka2 $18) 47. Ra6 Rdb7 (47...
Rbd8 {hilft auch nicht mehr} 48. Raa4 $18) 48. b4 Rd7 49. Rxd4 49... Rxd4 {
Mit der Mattdrohung Rxd3} 50. Qxd4 Qc8 51. Qd3 Qg4 52. Rd6 Qxh5 53. Rd8+ 53...
Rxd8 {Droht Matt} 54. Qxd8+ Kh7 55. Qd3+ Kh8 56. Kb2 g5 (56... Qh1 {
holt die Kuh nicht vom Eis} 57. Qd8+ Kh7 58. Qc7 $18) 57. f5 Qh2+ (57... Kg7
58. f6+ $1 {ein laestiges Schach} 58... Kg8 59. e6 Qh2+ 60. Kb3 $18) 58. Kb3 $1
{die Entscheidung} 58... Qg1 (58... Qh1 {aendert nichts mehr} 59. a4 $18) 59.
e6 Qe1 (59... fxe6 {bot noch bessere Widerstandsmoeglichkeiten} 60. Qd8+ Kg7
61. Qe7+ Kh8 62. Qf6+ Kg8 63. Qxe6+ Kg7 64. Qg6+ Kf8 65. Qxh6+ Kf7 66. Qe6+ Kf8
67. Qc8+ Kg7 68. Qd7+ Kh6 69. Qe6+ Kh5 70. Qe2+ 70... Kh6 $18) 60. Qd8+ (60.
Qc3+ {damit wuerde Weiss es sich noch erleichtern} 60... Qxc3+ 61. Kxc3 fxe6
62. fxe6 62... Kg7 $18) 60... Kg7 61. e7 {Der Freibauer e7 greift sofort ein}
61... Qe3+ 62. Ka4 Qa7+ 63. Kb5 {Droht Matt: e8Q} 63... Qb7+ 64. Kc5 Qa7+ 65.
Kc4 $1 {Boing!} 65... Qa6+ 66. Kb3 Qf1 67. e8=Q $1 {zwingend und schoen} 67...
Qb1+ 68. Ka4 $1 {Weiss plant b5. die Pointe} 68... Qc2+ 69. Ka5 Qxf5+ 70. b5
Qxb5+ 71. Qxb5 Kg6 72. Qc6+ f6 (72... Kh7 {macht keinen grossen Unterschied}
73. Qdf6 h5 74. Qxf7+ Kh8 75. Qcf6#) 73. Qde8+ Kh7 (73... Kf5 {
hilft allerdings auch nicht} 74. Qce6#) 74. Qb7# (74. Qc7#) 1-0

[Event "ICS rated bullet match"]
[Site "204.178.125.65"]
[Date "1999.11.15"]
[Round "?"]
[White "ipkis"]
[Black "Hossa"]
[Result "0-1"]
[WhiteElo "2328"]
[BlackElo "2471"]
[Annotator "Hiarcs 7.32 (22s)"]
[PlyCount "106"]
[EventDate "1999.??.??"]

1. e3 1... c5 {Opening = 5.Nc3 e6} 2. d4 cxd4 3. exd4 Nf6 4. c4 d5 5. Nc3 e6 6.
Nf3 Nc6 7. cxd5 exd5 8. Bd3 $146 (8. Bb5 Bd6 9. Qe2+ (9. O-O O-O 10. Bg5 Bg4
11. Be2 11... Re8 {0-1 Ionov,S-Oll,L/St.Petersburg op 1993/TD 93\09 (11)}) 9...
Be6 10. Ng5 Qe7 11. Nxe6 fxe6 12. Bg5 O-O 13. Rd1 Rae8 14. O-O Qc7 15. g3 Qf7
16. Kh1 e5 17. Bxf6 exd4 18. Qd3 Qxf6 19. Nxd5 Qh6 20. f4 Kh8 21. Rde1 Qh5 22.
Rxe8 22... Rxe8 {Milos,G-Larsen,B/Buenos Aires 1992/TD 92\05/1/2-1/2 (34)}) (8.
Bg5 Be7 9. Be2 O-O 10. Qb3 Na5 11. Qc2 Bg4 12. O-O a6 13. Ne5 Bxe2 14. Qxe2 h6
15. Bh4 Ne4 16. Nxe4 Bxh4 17. Ng3 Bxg3 18. fxg3 Nc6 19. Nxc6 bxc6 20. Rac1 Qb6
21. Qf2 Rae8 22. Rce1 22... Re4 {
Thomaschke,D-Buhmann,R/Schoeneck 1996/1/2-1/2 (36)}) (8. Ne5 Bd6 9. Bb5 Bd7 10.
Bg5 Nxe5 11. dxe5 Bxe5 12. Qe2 O-O 13. O-O Bxc3 14. bxc3 Bc6 15. Bd3 Qd6 16.
Qf3 Ne4 17. Be3 Nxc3 18. Qh3 Ne4 19. f3 Nf6 20. Bd4 h6 21. Qf5 Bd7 22. Be5
22... Qc5+ {0-1 Friessem,F-Gruschinski,R/RL-op Polch 1993/GER 05 (22)}) 8...
Bg4 9. O-O 9... Nxd4 $14 (9... Be7 $5 $11 {sieht spielbar aus}) 10. Qe1+ Ne6
11. Nd4 $17 {Der Springer steht auf d4 komfortabel} (11. Bb5+ $5 $142 {
sieht noch spielbar aus} 11... Ke7 12. Nd4 $14) 11... Be7 $15 (11... Bd6 12.
Bb5+ Kf8 13. Be3 $15) 12. h3 $17 (12. Bb5+ $5 $142 {ist zu ueberlegen} 12...
Kf8 13. Be3 $15) 12... Nxd4 13. hxg4 Nxg4 14. Nb5 $19 (14. Bf4 $5 $17) 14...
Qb8 {Mit der Mattdrohung Qh2} 15. f4 Nc6 16. Qg3 16... Nb4 $4 $14 {
danach wendet sich das Blatt} (16... h5 $19 $142 {
mit klarem Vorteil fuer Schwarz}) 17. Qxg4 Nxd3 18. Qxg7 {
Schwarz kann nicht kurz rochieren} 18... Bc5+ $2 $18 (18... Rf8 $14 $142 {
ist noch spielbar}) 19. Kh2 Kd7 (19... Ke7 20. Qc3 $1 {huebsch} 20... Qf8 21.
Rf3 Qh6+ 22. Rh3 $18) 20. Qxf7+ {Bildet einen beachtlichen Freibauern} 20...
Kc6 21. a4 21... Rf8 $4 {damit ist die Partie vorbei} (21... Rd8 $18) 22. Qe6+
Bd6 23. Be3 {Es droht Matt} 23... b6 (23... Nxb2 {
koennte noch eine geringe Chance darstellen} 24. Rac1+ 24... Nc4 $18) 24. Rac1+
Nc5 25. b4 (25. Rfd1 Rf5 26. Qxf5 Qg8 27. Nxd6 d4 28. Bxd4 Qd5 29. Qxh7 a6 30.
Qb7+ Kxd6 31. Bxc5+ Ke6 32. Qxd5+ Kf6 33. Qxa8 bxc5 34. Qc6+ Kf7 35. Rd7+ Ke8
36. Qc8#) 25... Re8 26. Qxd6+ (26. Bxc5 $142 {sichert den Gewinn} 26... Rxe6
27. Bxd6+ Kd7 28. Bxb8 Rh6+ 29. Kg1 Rxb8 30. Rc7+ Ke8 31. Rxa7 $18) 26... Qxd6
27. Nxd6 Rxe3 28. bxc5 bxc5 29. Nf5 Re4 30. Ng3 $16 (30. Rfe1 $5 $142 30...
Rae8 31. Nd4+ Kd7 32. Rxe4 Rxe4 33. Nb3 Rxf4 34. Rxc5 $18) 30... Rxa4 31. f5
Rg8 32. Rf3 a5 33. f6 33... Rh4+ $18 (33... Rf8 34. f7 Kd6 35. Nf5+ Ke5 36. Ne3
$18) 34. Kg1 Rhg4 35. Kf2 Rf8 36. f7 36... a4 $18 (36... c4 $5 37. Rf6+ 37...
Kc5 $18) 37. Re1 $16 (37. Rf6+ Kb5 38. Ne2 Rg7 39. Nc3+ Kc4 40. Nxa4+ Kd4 41.
Nxc5 41... Rfxf7 $18) 37... Rg7 38. Re7 $1 {bleibt am Druecker} 38... a3 39.
Ra7 $14 (39. Rf6+ $142 {Weiss haette nun das bessere Spiel} 39... Kb5 40. Rb7+
Kc4 41. Nf5 $16) 39... Kb6 40. Raxa3 Rgxf7 41. Rab3+ Kc6 42. Rxf7 Rxf7+ 43. Rf3
Ra7 44. Rf6+ Kb5 45. Ne2 d4 46. Rf3 46... Kc4 {
Der schwarze Koenig wird gefaehrlich} 47. Rh3 $15 (47. Nf4 Ra2+ 48. Ke1 Ra1+
49. Kd2 Ra2+ 50. Kd1 Ra1+ 51. Kc2 Ra2+ 52. Kd1 Ra1+ 53. Kd2 Ra2+ 54. Kc1 Ra1+
55. Kb2 55... Ra7 $11) 47... Kb4 $11 (47... Rf7+ 48. Ke1 $15) 48. Kf3 $15 (48.
Rh4 $5 $11) 48... d3 49. Nf4 49... c4 $15 (49... Rd7 50. Ke4 d2 51. Nd3+ Kb3
52. Nxc5+ Kc2 53. Nxd7 $17) 50. Ke3 $17 (50. Nd5+ 50... Kb3 $15) 50... Rd7 51.
Rh1 (51. Kd2 c3+ 52. Kd1 52... Kc4 $17) 51... d2 52. Rd1 $4 $19 {
fuehrt zu weiteren Sorgen} (52. Ke2 Kb3 53. g4 $19) 52... Kc3 $1 {
das war die Absicht} 53. Ne2+ (53. g4 {
kann das Vorangegangene nicht ungeschehen machen} 53... Kc2 54. Rxd2+ 54...
Rxd2 $19) 53... Kc2 (53... Kc2 54. Ra1 d1=Q 55. Rxd1 55... Rxd1 $19) 0-1

[Event "ICS rated bullet match"]
[Site "204.178.125.65"]
[Date "1999.11.15"]
[Round "?"]
[White "ipkis"]
[Black "Hossa"]
[Result "0-1"]
[WhiteElo "2341"]
[BlackElo "2458"]
[Annotator "Hiarcs 7.32 (22s)"]
[PlyCount "98"]
[EventDate "1999.??.??"]

1. e4 1... c5 {Opening = B50 - 3.---} 2. Nf3 d6 3. d3 Nc6 4. c4 $11 (4. g3 Bg4
(4... Nf6 5. h3 e6 6. Bg2 Be7 7. O-O O-O 8. c3 Rb8 9. b3 b5 10. Re1 Bb7 11. Bb2
a5 12. d4 d5 13. exd5 Nxd5 14. dxc5 Bxc5 15. Qe2 Qb6 16. Nbd2 Rfd8 17. Ne4 Bf8
18. c4 bxc4 19. bxc4 Ndb4 20. Nfg5 Qc7 21. Nxh7 Nd4 22. Qg4 Kxh7 23. Ng5+ Kg8
24. Bxd4 Rxd4 25. Qxd4 Be7 26. Qh4 Bxg5 27. Qxg5 Bxg2 28. Kxg2 Nc2 29. Qf4 Qxf4
30. gxf4 Nxe1+ 31. Rxe1 Rb2 32. Rc1 Kf8 33. c5 Ke7 34. c6 Kd8 35. Rd1+ Ke8 36.
c7 {1-0 Schmidt,H-Riewe,H/Kehl HT4 1989/GER 04 (36)}) 5. h3 Bd7 6. Bg2 g6 7.
O-O Bg7 8. c3 Nf6 9. Re1 O-O 10. d4 cxd4 11. cxd4 Qc8 12. Kh2 Qc7 13. Nc3 e5
14. Be3 Ne7 15. Rc1 Qa5 16. Qd2 Kh8 17. b4 Qd8 18. dxe5 dxe5 19. Nxe5 Nxe4 20.
Nxe4 Bxe5 21. Bd4 Bg7 22. Bxg7+ Kxg7 23. Rcd1 {
1-0 Todorcevic,M-Sanchez,I/Mesa op 1992/TD 92\09 (23)}) (4. Be3 Nf6 5. Nc3 e6
6. Be2 Be7 7. O-O O-O 8. Nd2 d5 9. exd5 exd5 10. Bg5 Nd4 11. Bf3 Nxf3+ 12. Nxf3
Be6 13. Ne2 h6 14. Bc1 Qc7 15. h3 Bd6 16. c3 Rfe8 17. d4 c4 18. Qd2 18... Qe7 {
Schwander,S-Heinicke,W/Binz 1995/0-1 (72)}) (4. Be2 g6 5. Be3 Bg7 6. c3 Nf6 7.
a4 O-O 8. h3 Rb8 9. Qd2 Na5 10. Bd1 b5 11. axb5 Rxb5 12. Na3 Rb7 13. O-O Be6
14. b4 cxb4 15. cxb4 Nb3 16. Bxb3 Bxb3 17. Nd4 Be6 18. Nab5 18... Qd7 {
Ehrke,M-Soltau,A/BL2-N 8283 1983/BIG 80/1/2-1/2 (40)}) (4. d4 cxd4 5. Nxd4 5...
Bd7 $14) 4... e5 5. Nc3 Nf6 6. g3 6... Nd4 {Schoenes Feld d4!} 7. Bg2 Bg4 8. h3
Bxf3 9. Bxf3 9... Nxf3+ $14 (9... Be7 10. Qa4+ Qd7 11. Bd1 $11) 10. Qxf3 Be7
11. O-O O-O 12. Bg5 Nd7 13. Be3 Nf6 14. Bg5 Nd7 15. Be3 Nf6 16. g4 Rc8 17. Kh1
Re8 (17... h6 18. Qg2 $14) 18. Bg5 $11 (18. g5 18... Nd7 $14) 18... Nd7 19. Be3
Bf8 20. Qg2 Nb6 21. f4 21... Qd7 $16 (21... exf4 22. Bxf4 Be7 23. Qh2 $14) 22.
f5 f6 23. g5 Be7 (23... fxg5 24. Bxg5 Kf7 25. f6 $16) 24. g6 h6 25. Qd2 Bf8 26.
Rab1 Rcd8 27. a3 Qe7 28. b4 Rc8 29. Rb2 Qd7 30. Rfb1 30... cxb4 $18 (30... Rb8
$5 $16 $142) 31. axb4 Qc6 (31... d5 32. Bxb6 dxe4 33. Nxe4 Qxf5 34. Bxa7 Qxh3+
35. Kg1 $14) 32. Ra2 a6 33. b5 axb5 34. Rxb5 Nd7 35. Rab2 Ra8 36. Rxb7 Ra1+ 37.
Rb1 Rea8 38. Rxa1 (38. R7b2 {laesst dem Gegner kaum Chancen} 38... Rxb1+ 39.
Rxb1 39... Ra3 $18) 38... Rxa1+ 39. Rb1 Ra8 (39... Rxb1+ 40. Nxb1 Qb7 41. Nc3
$18) 40. Nd5 40... Ra3 {Schwarz entwickelt eine toedliche Initiative} 41. Qc2 (
41. Bxh6 {erleichterte Weiss die Gewinnfuehrung} 41... Qa4 42. Be3 42... Ra2
$18) 41... Qa8 42. Rb3 $16 (42. Rb5 $18 $142 {
und die Waage neigt sich zugunsten von Weiss}) 42... Qa4 43. Rxa3 $4 $19 {
laesst den Gewinn aus} (43. Rb2 $142 43... Qxc2 44. Rxc2 Rxd3 45. Rb2 $18)
43... Qxc2 44. Ra8 (44. Bg1 {hilft allerdings auch nicht} 44... Qc1 45. Rb3
45... Qf1 $19) 44... Qxd3 45. Rd8 Qxc4 (45... Qxe4+ $5 $142 {ist genauer} 46.
Kh2 Qc2+ 47. Kg3 $19) 46. Rxd7 (46. Ne7+ {ist der letzte Rettungsanker} 46...
Kh8 47. Rxd7 Bxe7 48. Rxe7 Qxe4+ 49. Kh2 Qc2+ 50. Kg3 $19) 46... Qxe4+ 47. Kg1
Qxd5 48. Rd8 48... Qa5 $1 {logisch und kraftvoll} 49. Re8 Qe1+ (49... Qe1+ 50.
Kg2 50... Qxe3 $19) 0-1

[Event "ICS rated bullet match"]
[Site "204.178.125.65"]
[Date "1999.11.15"]
[Round "?"]
[White "Hossa"]
[Black "ipkis"]
[Result "1-0"]
[WhiteElo "2469"]
[BlackElo "2330"]
[Annotator "Hiarcs 7.32 (22s)"]
[PlyCount "93"]
[EventDate "1999.??.??"]

1. e4 1... c5 {Opening = B53 - 3.d4 (cd4 4.---)} 2. Nf3 d6 3. d4 cxd4 4. Qxd4
Nf6 5. Bb5+ $146 (5. e5 dxe5 (5... Nc6 6. Bb5 Qa5+ (6... Nd7 7. Bxc6 bxc6 8.
exd6 exd6 9. O-O Nc5 10. Re1+ Ne6 11. Qc4 Qc7 12. Nd4 Bd7 13. Nc3 Be7 14. Nf5
d5 15. Nxd5 cxd5 16. Qxc7 Nxc7 17. Rxe7+ Kd8 18. Rxf7 {
1-0 Cid,J-Gavin,E/Aragon-ch 1992/TD 92\09 (18)}) 7. Nc3 dxe5 8. Bxc6+ bxc6 9.
Nxe5 Bb7 10. O-O Rd8 11. Qf4 e6 12. Nc4 Qa6 13. b3 Be7 14. Bb2 O-O 15. Rad1 c5
16. Qg3 g6 17. Na4 Rd5 18. Ne5 Nh5 19. Qe3 Qd6 20. Rde1 Bf6 21. Nc4 Qd8 22.
Nxc5 Ba8 23. Bxf6 Qxf6 24. Ne4 Qe7 25. Rd1 Rfd8 26. Rxd5 exd5 27. Ng3 Qb7 28.
Na5 Qa6 29. Nxh5 Qxa5 30. Nf6+ Kg7 31. Qe5 Qa6 32. Ne8+ Kf8 33. Re1 {
1-0 David,A-Janssen,R/Wijk aan Zee 1997/CBM 57/[HarZvi,R] (33)}) 6. Qxd8+ Kxd8
7. Nxe5 Ke8 8. Nc3 a6 9. Be2 e6 10. Bf3 Nbd7 11. Nc4 Ra7 12. Bf4 b5 13. Na5 e5
14. O-O-O Bc5 15. Bg3 Ng8 16. Nc6 f6 17. b4 Bb6 18. Ne4 {
1-0 Rausis,I-Djurhuus,R/Skei 1993/[Boensch] (18)}) (5. Bg5 Nc6 6. Qe3 e6 7. Nc3
Be7 8. O-O-O Qa5 9. Kb1 a6 10. h3 Bd7 11. Be2 Rc8 12. g4 b5 13. Rhe1 h6 14.
Bxf6 gxf6 15. Bd3 b4 16. Ne2 h5 17. Nc1 hxg4 18. hxg4 Ra8 19. Rh1 19... Rf8 {
Panchenko,A-Borkovic,V/Borovo 1991/EXP 23/1-0 (34)}) 5... Bd7 6. a4 $11 (6. Nc3
Bxb5 7. Nxb5 7... Nc6 $14) 6... e6 7. Nc3 Nc6 8. Qd1 Be7 9. O-O Qc7 10. Bg5 a6
11. Bd3 h6 12. Bh4 Ne5 13. Nxe5 dxe5 14. Qf3 Bc6 15. Ne2 $17 (15. Bxf6 $5 {
ist die kritische Fortsetzung} 15... Bxf6 16. Rfd1 $11) 15... O-O $11 (15...
Nxe4 $5 16. Bxe4 Bxh4 17. Bxc6+ Qxc6 18. Qxc6+ 18... bxc6 $17) 16. Bg3 Kh8 (
16... Rfd8 17. Rfd1 $11) 17. c3 {Ueberdeckt b4} 17... Bd6 18. b3 Qe7 (18... Nd7
19. Qe3 $11) 19. Rad1 Rad8 20. Rd2 (20. Bh4 Bc5 21. h3 21... b5 $11) 20... Bc7
21. Rfd1 $17 (21. Rdd1 $5 $11 $142 {bedarf naeherer Analyse}) 21... Rd7 22. Qe3
22... Rfd8 $11 (22... Qa3 23. Nc1 Nxe4 24. Bxe4 Rxd2 25. Qxd2 25... Bxe4 $15)
23. f3 {Deckt g4} 23... Nh5 24. Bf2 Nf4 25. Nxf4 exf4 26. Qe2 $15 (26. Qe1 Qa3
27. Bc2 Rxd2 28. Rxd2 Rxd2 29. Qxd2 Qa1+ 30. Bd1 30... Kh7 $11) 26... Be5 {
Der Laeufer kann schlecht vertrieben werden} 27. Rc2 27... Qf6 $11 (27... Qa3
$5 $142 28. Bb6 28... Rc8 $17) 28. Bb6 Rc8 29. Qe1 29... g5 $14 (29... Rd6 30.
c4 $14) 30. Be2 Rg8 31. Rxd7 Bxd7 32. Qf2 Bc6 33. Bd4 h5 34. Rd2 Kh7 35. Bxe5
Qxe5 36. Rd4 $11 (36. Qd4 $5 36... Qxd4+ 37. cxd4 $14) 36... Qf6 37. Rc4 Rd8
38. Bf1 38... Qe5 $14 (38... e5 $5 $15 {ist eine gute Alternative}) 39. Rc5 Qf6
40. Ra5 $11 (40. h4 e5 41. hxg5 Qxg5 42. Bxa6 42... Bxa4 $16) 40... Kh6 $14 (
40... Qg7 41. e5 $11) 41. Qe1 $11 (41. Qc5 $5 {steht zur Diskussion} 41... Rg8
42. h4 $14) 41... Qe7 42. Bc4 $2 $17 (42. b4 $5 $11 $142 {
und Weiss kann noch kaempfen}) 42... Qc7 43. b4 43... Qd6 $11 (43... Bxa4 $5
$142 44. Be2 44... Bb3 $17) 44. h4 44... gxh4 $4 $18 {
gibt den Vorteil aus der Hand} (44... g4 45. Be2 45... g3 $15) 45. Qxh4 $1 {
ganz unerschrocken. Droht Matt} 45... e5 46. Bxf7 Qc7 (46... Kg7 47. Bd5 Bxd5
48. Rxd5 Qb6+ 49. Kh2 Rxd5 50. Qe7+ Kg6 51. exd5 Qf6 52. Qxf6+ 52... Kxf6 $18)
47. Qf6+ (47. Qf6+ Kh7 48. Qg6+ Kh8 49. Qh6#) 1-0

[Event "ICS rated blitz match"]
[Site "204.178.125.65"]
[Date "1999.11.15"]
[Round "?"]
[White "rooking"]
[Black "Hossa"]
[Result "1-0"]
[WhiteElo "2287"]
[BlackElo "2319"]
[Annotator "Hiarcs 7.32 (22s)"]
[PlyCount "105"]
[EventDate "1999.??.??"]

1. e4 1... c5 {Opening = B77 - 8.Qd2 Nc6 9.Bc4(Bd7 10.---)} 2. Nf3 d6 3. d4
cxd4 4. Nxd4 Nf6 5. Nc3 g6 6. Bc4 Bg7 7. f3 O-O 8. Be3 Nc6 9. Qd2 Nxd4 (9... e6
10. O-O-O d5 11. exd5 exd5 12. Bb3 Be6 13. g4 Ne7 14. Bh6 Qa5 15. h4 Rfd8 16.
h5 Bxg4 17. Bxg7 Kxg7 18. fxg4 Nxg4 19. Qe2 {
1-0 Moor,R-Sivaji,S/Bern op 1996/EXP 51 (19)}) 10. Bxd4 10... e5 $16 (10... a6
11. O-O-O b5 12. Bb3 Rb8 13. Nd5 a5 14. Nxf6+ Bxf6 15. Bxf6 exf6 16. a4 bxa4
17. Bxa4 Qb6 18. c3 Rd8 19. h4 Be6 20. h5 Bb3 21. Bxb3 Qxb3 22. Qc2 Qa2 23. Qb1
Qa4 24. Qc2 Qa1+ 25. Qb1 Rxb2 26. Qxa1 Rdb8 27. Qxb2 Rxb2 28. Kxb2 Kf8 29. Rxd6
Ke7 30. Ra6 f5 31. exf5 gxf5 32. Rxa5 Ke6 33. c4 f4 34. Rd1 {
1-0 Goeppl,F-Berndorff,A/Wilhelmshaven 1995 (34)}) (10... Qa5 11. O-O-O Be6 12.
Bxe6 (12. Nd5 Qxd2+ 13. Rxd2 Bxd5 14. Bxd5 Bh6 15. Bxf6 Bxd2+ 16. Kxd2 exf6 17.
g4 Rab8 18. h4 h6 19. h5 Kg7 20. b4 b5 21. Rh3 Rfc8 22. f4 Rc7 23. Ra3 gxh5 24.
gxh5 f5 25. Ra6 Rb6 26. Ra3 26... Kf6 {
Miller,M-Bohlmeyer,P/Bad Woerishofen 1992/EXT 92ch/0-1 (36)}) 12... fxe6 13.
Kb1 Rfc8 14. h4 Rc4 15. Bxf6 Bxf6 16. Nd5 Qxd2 17. Nxf6+ Kf7 18. Rxd2 Kxf6 19.
c3 h6 20. Rhd1 Rac8 21. Rd4 R4c5 22. Kc2 g5 23. hxg5+ Rxg5 24. g4 h5 25. gxh5 {
Bauer,P-Teufel,J/Wuert-ch Moeglingen 1989/GER 01/1-0 (61)}) (10... Bd7 $5 $14 {
muss geprueft werden}) 11. Be3 a6 12. O-O-O 12... b5 $18 (12... Qc7 13. Bb3 Rd8
14. Na4 $16) 13. Bb3 a5 (13... b4 $5 14. Na4 14... a5 $18) 14. a4 $16 (14. Nxb5
$5 $142 14... Ba6 15. Nc3 15... Ne8 $18) 14... bxa4 15. Nxa4 15... Nd7 $18 (
15... Ne8 $5 $16) 16. g4 $16 (16. Kb1 $5 16... Rb8 $18) 16... Qf6 17. Qf2 {
Nun geraet Schwarz unter starken Druck.} 17... Bb7 18. h4 Qe7 19. h5 g5 20. h6
Bf6 21. Rh5 Rfc8 (21... Rfd8 22. Bd5 Bxd5 23. Rxd5 $18) 22. Qd2 Ra6 (22... Nc5
23. Nxc5 dxc5 24. Bxg5 c4 25. Bxf6 Qxf6 26. Qg5+ Qxg5+ 27. Rxg5+ 27... Kh8 $18)
23. Bxg5 Kf8 (23... d5 $18) 24. Bxf6 Nxf6 25. Rf5 Nxe4 (25... d5 {
holt die Kuh nicht vom Eis} 26. exd5 Qd6 27. Qg5 $18) 26. fxe4 (26. Qe3 $5 {
gibt noch groesseren Vorteil} 26... Nf6 27. g5 Nd5 28. Bxd5 Bxd5 29. Rxd5 29...
Rac6 $18) 26... Bxe4 27. Rdf1 (27. Rf2 {
damit wuerde Weiss es sich noch erleichtern} 27... Bg6 $18) 27... Bxf5 28. Rxf5
Rac6 (28... d5 {aendert nichts am Ausgang der Partie} 29. Qxd5 Rf6 30. Qxe5
Qxe5 31. Rxe5 $18) 29. Nc3 Rxc3 (29... d5 {haette noch versucht werden koennen}
30. Bxd5 30... Rf6 $18) 30. bxc3 $1 {Boing!} 30... Ke8 (30... Rd8 {
wuerde die Partie noch etwas verlaengern} 31. Rxf7+ Qxf7 32. Bxf7 32... Kxf7
$18) 31. Rxf7 Qxf7 32. Bxf7+ Kxf7 33. Qxd6 {c3 setzt sich schnell in Bewegung}
(33. Qd5+ $5 $142 {ginge schneller} 33... Ke7 34. Qb7+ Kd8 35. Qxh7 Rxc3 36.
Qg8+ 36... Kd7 $18) 33... Rg8 (33... Re8 {bietet noch letzte Rettungschancen}
34. c4 34... Re7 $18) 34. Qd5+ Kf8 35. Qxe5 Rg6 36. g5 a4 37. Qf5+ Kg8 38.
Qxg6+ $1 {zwingend und schoen} 38... hxg6 {Der Freibauer h6 greift sofort ein}
39. c4 Kf8 40. c5 Kf7 41. c6 {Mit der Mattdrohung c7} 41... Ke6 42. h7 Kf5 43.
h8=Q Kxg5 44. Qh4+ $18 (44. c7 Kf4 45. c8=Q g5 46. Qd4+ Kg3 47. Qcg4+ Kh2 48.
Qh8#) 44... Kxh4 45. c7 {Es droht Matt} 45... Kg5 46. c8=Q Kh4 47. Kd2 a3 48.
Ke3 (48. c4 $142 {und nichts geht mehr} 48... a2 49. Qh8+ 49... Kg4 $18) 48...
g5 49. Kf3 $1 {entscheidend} 49... Kh5 50. Qg8 g4+ (50... Kh6 {
nuetzt auch nichts mehr} 51. Kg4 a2 52. Kf5 a1=Q 53. Qg6#) 51. Kf4 $1 {
macht alles klar} 51... Kh6 52. Kf5 $1 {die Entscheidung} 52... a2 53. Qg6# (
53. Qh8#) 1-0